000 00733nam a22002055i 4500
001 166421
003 ES-MaACL
005 20260316165936.0
008 050915s1900 fr | |||||||| ||fre d
040 _aCAM
_bspa
_cCAM
100 1 _aTolstói, Lev,
_d1828-1910
_9110489
245 1 3 _aLa puissance des ténèbres
_b: drame en cinq actes /
_cComte Léon Tolsto ï; traduit avec l'autorisation de l'auteur par E. Halpérine-Kaminsky.
250 _a4e éd.
260 _aParis :
_bPerrin et Cie libraires-éditeurs,
_c1900.
300 _aVIII, 241 p. ;
_c19 cm.
700 1 _aGal'perin-Kaminskij, Il'â Danilovic,
_d1858-1936
_9127773
852 _aES-MaACL
_jF-9500
_z-- Enc. hol.
999 _c166421
_d166421